000 00839aam a2200289 4500
005 20161018145035.0
008 150320b xxu||||| |||| 00| 0 spa d
041 _aspa
082 _a1.4.17 P585t
100 _aPicas Sadurni, Carme
_927460
100 _aVigata Castells, Anna
_927461
245 _aTécnicas de pastelería, panadería y conservación de alimentos.
260 _aEspaña
_bEditorial Síntesis
_c2004
300 _a254 páginas
650 _aRECETAS DE COCINA
_91731
650 _aPASTELERIA
_925382
650 _aPANADERIA
_927462
650 _aMAQUINARIA
_95152
650 _aCONSERVACION DE ALIMENTOS
_910607
650 _aMATERIAS PRIMAS
_93045
650 _aMASAS
_927429
650 _aCREMAS
_919828
650 _aRELLENOS
_927463
650 _aCOBERTURAS
_927464
650 _aHELADOS
_925438
942 _cBK
999 _c4081
_d4081